Страны мира (Запись № 1581006)

Подробности
000 -МАРКЕР
контрольное поле 01012nam0a2200289 4500
001 - ИДЕНТИФИКАТОР ЗАПИСИ
контрольное поле RU\NLR\bibl\1181676
005 - ИДЕНТИФИКАТОР ВЕРСИИ
контрольное поле 20260405191612.0
010 ## - МЕЖДУНАРОДНЫЙ СТАНДАРТНЫЙ НОМЕР КНИГИ (ISBN)
Номер (ISBN) 978-5-373-01660-5
Тираж 3000
021 ## - НОМЕР ГОСУДАРСТВЕННОЙ РЕГИСТРАЦИИ
Код страны Российская Федерация
Номер 2007-85917
Номер Листа государственной регистраци 4637
035 ## - ДРУГИЕ СИСТЕМНЫЕ НОМЕРА
Идентификатор записи (NLR Aleph) 001168278
100 ## - ДАННЫЕ ОБЩЕЙ ОБРАБОТКИ
Данные общей обработки 20080130d2007 |||y0rusy50 ca
101 0# - ЯЗЫК РЕСУРСА
Язык текста, звукозаписи и т.д. русский
102 ## - СТРАНА ПУБЛИКАЦИИ ИЛИ ПРОИЗВОДСТВА
Страна публикации Российская Федерация
105 ## - ПОЛЕ КОДИРОВАННЫХ ДАННЫХ: ТЕКСТОВЫЕ МАТЕРИАЛЫ, МОНОГРАФИЧЕСКИЕ
Кодированные данные о монографическом текстовом документе a |||||||||
200 1# - ЗАГЛАВИЕ И СВЕДЕНИЯ ОБ ОТВЕТСТВЕННОСТИ
Основное заглавие Страны мира
Сведения, относящиеся к заглавию энциклопедия
Первые сведения об ответственности [науч. ред.: д.г.н. Д.И. Люри]
210 ## - ПУБЛИКАЦИЯ, РАСПРОСТРАНЕНИЕ И ДР.
Место издания, распространения и т.д. Москва
Имя издателя, распространителя и т. д. ОЛМА Медиагрупп
Дата издания, распространения и т.д. 2007
215 ## - ФИЗИЧЕСКАЯ ХАРАКТЕРИСТИКА
Специфическое обозначение материала и объем 638, [1] с.
Другие сведения о физической характеристике цв. ил., портр., карт.
Размеры 26
607 ## - ГЕОГРАФИЧЕСКОЕ НАИМЕНОВАНИЕ КАК ПРЕДМЕТ
Географическое наименование Страны мира
Формальный подзаголовок Энциклопедии
Системный номер авторитетной/нормативной записи 2178478
Идентификатор авторитетной/нормативной записи RU\NLR\auth\661310190
686 ## - ИНДЕКСЫ ДРУГИХ КЛАССИФИКАЦИЙ
Индекс Д890(0)я20
686 ## - ИНДЕКСЫ ДРУГИХ КЛАССИФИКАЦИЙ
Индекс Т3(0)63я20
702 #1 - ИМЯ ЛИЦА - ВТОРИЧНАЯ ОТВЕТСТВЕННОСТЬ
Код отношения Редактор
Материалы, к которым относится поле rus
Графика поля Кириллица
Начальный элемент ввода Люри
Часть имени, кроме начального элемента ввода Д. И.
Расширение инициалов личного имени Дмитрий Игоревич
Идентификатор авторитетной/нормативной записи RU\NLR\auth\7783611
Системный номер авторитетной/нормативной записи 66539
801 #0 - ИСТОЧНИК ЗАПИСИ
Страна Российская Федерация
Организация NLR
Дата составления 20080130
Правила каталогизации RCR
801 #1 - ИСТОЧНИК ЗАПИСИ
Страна Российская Федерация
Организация NLR
Дата составления 20080130
942 ## - ДОПОЛНИТЕЛЬНЫЕ ЭЛЕМЕНТЫ ЗАПИСИ (АБИС)
Тип экземпляра АБИС Книга
980 ## - КОЛЛЕКЦИЯ
Название коллекции Национальная библиография
Экземпляры
Тип экземпляра Дата поступления Источник поступления Библиотека постоянного хранения Библиотека текущего хранения Место хранения Шифр хранения Штрих-код Статус экземпляра Стоимость
Книга 30.01.2008 Обязательный экземпляр РНБ (Московский) РНБ (Московский) Центральная справочная библиотека С 2008-4/14 1-742430    
Книга 30.01.2008 Обязательный экземпляр РНБ (Московский) РНБ (Московский) Центральная справочная библиотека С 2008-4/14 1-742426    
Книга 25.06.2008 Покупка РНБ (Московский) РНБ (Московский) Фонд общего зала социально-экономической литературы С1 Д890/С-831 1-610241   490.00
Книга 16.06.2008 Покупка РНБ (Садовая) РНБ (Садовая) Универсальный читальный зал У Д890/С-831 1-361110   490.00
Книга 25.06.2008 Подсобные фонды РНБ РНБ (Садовая) РНБ (Садовая) ДИРЕКЦИЯ   2704371   490.00
Книга 25.06.2008 Покупка РНБ (Фонтанка) РНБ (Фонтанка) Юношеский читальный зал Ю Я2(Д)/С-83 1-180215   490.00